Spain World Cup 2014 squad - Statistics

General Stats
  • This quiz has been taken 4,586 times
    4,469 since last reset
  • The average score is 19 of 24
Answer Stats
% Correct
GK Iker Casillas Real Madrid
97%
MD Andres Iniesta Barcelona
96%
MD Xavi Hernandez Barcelona
95%
GK David De Gea Manchester United
94%
DF Gerard Piqué Barcelona
94%
DF Sergio Ramos Real Madrid
94%
FW Fernando Torres Chelsea
88%
MD David Silva Manchester City
87%
DF Jordi Alba Barcelona
85%
MD Sergio Busquets Barcelona
85%
FW David Villa Atlético Madrid
81%
GK Pepe Reina Napoli
81%
MD Xabi Alonso Real Madrid
80%
FW Diego Costa Atlético Madrid
79%
FW Pedro Rodriguez Barcelona
79%
MD Juan Mata Manchester United
77%
MD Koke Atlético Madrid
76%
DF César Azpilicueta Chelsea
73%
MD Cesc Fabregas Barcelona
73%
DF Javi Martinez Bayern Munich
71%
MD Santiago Cazorla Arsenal
66%
COACH Vicente Del Bosque /
64%
DF Juanfran Torres Atlético Madrid
62%
DF Raul Albiol Napoli
59%
No matching quizzes found
Score Distribution
Percent of People with Each Score
Percentile by Number Answered
Your Score History
You have not taken this quiz since the last reset